00626nam a2200193 a 450000100100000000500170001000800410002704000250006808200170009310000420011024500910015226000270024330000280027049000240029865000220032265000260034470000360037083000260040600000826520200929161324.0741017s1966 sp 000 f spa d aDO-SdBNPbspacBNPHU a863.6bP438t1 aPérez de Ayala, Ramón,d1880-196210aTroteras y danzaderas /cRamón Pérez de Ayala ; prólogo de J. García mercadal. aMadrid :bEdaf,c1966. a356 p. :bil. ;c19 cm.0 aBiblioteca Edafv51 4aNovela española 4aLiteratura española1 aGarcía mercadal, J.,epról. 0aBiblioteca Edaf ;v51